=LDR 00000nam 2200000 4500 =001 INLIS000000000052784 =005 20180305070327 =035 ##$$a 0010-0318000011 =007 ta =008 180305###########################0###### =020 ##$$a 978-602-262-106-5 =082 ##$$a 510 =084 ##$$a 510 ASE a =100 #$$a Asep Yoyo Wardaya =245 1#$$a Aplikasi Matematika Untuk Fisika & Teknik /$c Asep Yoyo Wardaya =260 ##$$a Yogyakarta :$b Graha Ilmu,$c 2013 =300 ##$$a ix, 211 hlm. : $b ilus. ; $c 26 cm. =500 ##$$a Biografi : hlm. 211 =650 ##$$a Matematika =504 ##$$a Bibliografi : hlm. 209-210 =990 ##$$a 51095109 =990 ##$$a 51095109 =990 ##$$a 51095109 =990 ##$$a 51095109 =990 ##$$a 51095109 =990 ##$$a 21708846 =990 ##$$a 01201805109 =990 ##$$a 01201805110 =990 ##$$a 01201805111 =990 ##$$a 01201805112 =990 ##$$a 21708847 =990 ##$$a 01201805109 =990 ##$$a 01201805110 =990 ##$$a 01201805111 =990 ##$$a 21708846 =990 ##$$a 21708848 =990 ##$$a 01201805109 =990 ##$$a 01201805110 =990 ##$$a 21708847 =990 ##$$a 21708846 =990 ##$$a 21708849 =990 ##$$a 01201805109 =990 ##$$a 21708848 =990 ##$$a 21708847 =990 ##$$a 21708846 =990 ##$$a 21708850 =990 ##$$a 21708849 =990 ##$$a 21708848 =990 ##$$a 21708847 =990 ##$$a 21708846